LEADER 01217nam0 22003013i 450 001 SUN0084236 005 20200514010324.301 010 $a978-01-238-4986-1$d0.00 100 $a20110614d2011 |0engc50 ba 101 $aeng 102 $aNL 105 $a|||| ||||| 200 1 $a*Plant biochemistry$fHans-Walter Heldt, Birgit Piechulla$gin cooperation with Fiona Heldt 205 $aTraduzione della 4. ed. tedesca 210 $aAmsterdam$cElservier$d2011 215 $aXXIV, 622 p.$cill.$d25 cm. 620 $dAmsterdam$3SUNL001716 676 $a572.5672$cBiochimica delle piante$v22 700 1$aHeldt$b, Hans-Walter$3SUNV016690$0502970 701 1$aPiechulla$b, Birgit$3SUNV069385$0512166 702 1$aHeldt$b, Fiona$3SUNV016691 712 $aElsevier$3SUNV000127$4650 801 $aIT$bSOL$c20200518$gRICA 856 4 $uhttps://books.google.it/books?id=qHCzrDHajtoC&printsec=frontcover&hl=it 912 $aSUN0084236 950 $aUFFICIO DI BIBLIOTECA DEL DIPARTIMENTO DI SCIENZE E TECNOLOGIE AMBIENTALI BIOLOGICHE E FARMACEUTICHE$d17CONS Qa44 $e17BIB448 20110614 $sBuono 996 $aPlant biochemistry$9764873 997 $aUNICAMPANIA LEADER 02297oam 2200577 450 001 9910716098403321 005 20210428084358.0 035 $a(CKB)5470000002517116 035 $a(OCoLC)681434611$z(OCoLC)631197307$z(OCoLC)667908647$z(OCoLC)974647472 035 $a(OCoLC)995470000002517116 035 $a(EXLCZ)995470000002517116 100 $a20101115d1993 ua 0 101 0 $aeng 135 $aurbn||||||||| 181 $ctxt$2rdacontent 182 $cc$2rdamedia 183 $acr$2rdacarrier 200 12$aA literature overview of methods to evaluate and monitor Class I underground injection sites in Mississippi /$fby Richard A. Rebich ; prepared in cooperation with the Mississippi Department of Environmental Quality, Office of Pollution Control 210 1$aJackson, Mississippi :$cU.S. Geological Survey,$d1993. 215 $a1 online resource (v, 60 pages) $cillustrations, map 225 1 $aWater-resources investigations report ;$v93-4058 320 $aIncludes bibliographical references (pages 56-60). 606 $aHazardous waste sites$zMississippi 606 $aWaste disposal in the ground 606 $aFactory and trade waste$xEnvironmental aspects$zMississippi 606 $aHazardous wastes$xEnvironmental aspects$zMississippi 606 $aFactory and trade waste$xEnvironmental aspects$2fast 606 $aHazardous wastes$xEnvironmental aspects$2fast 607 $aMississippi$2fast 615 0$aHazardous waste sites 615 0$aWaste disposal in the ground. 615 0$aFactory and trade waste$xEnvironmental aspects 615 0$aHazardous wastes$xEnvironmental aspects 615 7$aFactory and trade waste$xEnvironmental aspects. 615 7$aHazardous wastes$xEnvironmental aspects. 700 $aRebich$b Richard A.$01388432 712 02$aGeological Survey (U.S.), 712 02$aMississippi.$bOffice of Pollution Control. 801 0$bOCLCE 801 1$bOCLCE 801 2$bOCLCQ 801 2$bOCLCF 801 2$bOCLCO 801 2$bOCLCQ 801 2$bCOP 801 2$bOCLCA 801 2$bGPO 906 $aBOOK 912 $a9910716098403321 996 $aA literature overview of methods to evaluate and monitor Class I underground injection sites in Mississippi$93439002 997 $aUNINA